| 000 -ლიდერი |
| ფიქსირებული სიგრძის საკონტროლო ველი |
02224nam a2200337Ia 4500 |
| 001 - საკონტროლო ნომერი |
| საკონტროლო ველი |
20898 |
| 003 - საკონტროლო ნომრის იდენტიფიკატორი |
| საკონტროლო ველი |
GE_BSU |
| 005 - ბოლო ოპერაციის თარიღი და დრო |
| საკონტროლო ველი |
20210614172343.0 |
| 008 - ფიქსირებული სიგრძის მონაცემთა ელემენტები - ზოგადი ინფორმაცია |
| ფიქსირებული სიგრძის საკონტროლო ველი |
181216s2017||||ge |||||||||||||| ||geo|| |
| 020 ## - წიგნის საერთაშორისო სტანდარტული ნომერი |
| International Standard Book Number |
9789941947841 |
| 040 ## - კატალოგიზაციის წყარო |
| Transcribing agency |
GE_BSU |
| 041 ## - ენის კოდი |
| Language code of text/sound track or separate title |
geo |
| 080 ## - უნივერსალური ათობითი კლასიფიკაციის ინდექსი |
| Universal Decimal Classification number |
347.95 (082) ქ-88 |
| 100 ## - მთავარი ჩანაწერი - პიროვნების სახელი |
| Personal name |
ქურდაძე, შალვა |
| 9 (RLIN) |
9257 |
| 245 ## - ცნობა სათაურის შესახებ |
| Title |
სამოქალაქო სააღსრულებო სამართალი : |
| Remainder of title |
პრინციპები, სუბიექტები, ძირითადი ეტაპები პრაქტიკოსი იურისტებისათვის / |
| Statement of responsibility, etc |
შალვა ქურდაძე, გიორგი ქურდაძე,ნინო ხუნაშვილი ; მთავარი რედაქტორი რომან შენგელია ; რედაქტორი ზურაბ ჭყონია. |
| 264 ## - წარმოების, გამოცემის, დისტრიბუციის და სხვა ცნობები |
| გამოცემის, წარმოების, დისტრიბუციის... ადგილი |
თბილისი : |
| გამოცემის, წარმოების, დისტრიბუციის... სახელწოდება |
ბონა კაუზა, |
| გამოცემის, წარმოების, დისტრიბუციის... თარიღი |
2017. |
| 300 ## - ფიზიკური აღწერა |
| Extent |
180 გვ. ; |
| Accompanying material |
19 სმ. |
| 490 ## - სერიის ცნობა |
| Series statement |
იურისტის ბიბლიოთეკა |
| 653 ## - INDEX TERM--UNCONTROLLED |
| Uncontrolled term |
სამართალი |
| 653 ## - INDEX TERM--UNCONTROLLED |
| Uncontrolled term |
სამოქალაქო სააღსრულებო სამართლის პრინციპები
|
| 653 ## - INDEX TERM--UNCONTROLLED |
| Uncontrolled term |
სამოქალაქო სააღსრულებო სამართლის საერთაშორისო პრინციპები
|
| 653 ## - INDEX TERM--UNCONTROLLED |
| Uncontrolled term |
ზოგადი დებულებები |
| 653 ## - INDEX TERM--UNCONTROLLED |
| Uncontrolled term |
სამართლის უზენაესობა |
| 653 ## - INDEX TERM--UNCONTROLLED |
| Uncontrolled term |
სამოქალაქო სამართალი |
| 700 ## - ADDED ENTRY--PERSONAL NAME |
| Personal name |
ქურდაძე, გიორგი |
| Relator term |
ავტორი |
| 9 (RLIN) |
12043 |
| 700 ## - ADDED ENTRY--PERSONAL NAME |
| Personal name |
ხუნაშვილი, ნინო |
| Relator term |
ავტორი |
| 9 (RLIN) |
11896 |
| 700 ## - ADDED ENTRY--PERSONAL NAME |
| Personal name |
შენგელია, რომან |
| Relator term |
მთავარი რედაქტორი |
| 9 (RLIN) |
909 |
| 700 ## - ADDED ENTRY--PERSONAL NAME |
| Personal name |
ჭყონია, ზურაბ |
| Relator term |
რედაქტორი |
| 9 (RLIN) |
3269 |
| 942 ## - ADDED ENTRY ELEMENTS (KOHA) |
| Koha item type |
წიგნი |
| Source of classification or shelving scheme |
|